[Event "20th European Teams Women"]
[Site "Reykjavik ISL"]
[Date "2015.11.19"]
[Round "6.13"]
[Board "3"]
[White "Kolaric, Spela"]
[Black "Barbier, Wiebke"]
[Result "1-0"]
[WhiteTitle "WFM"]
[WhiteElo "2102"]
[BlackElo "1980"]
[WhiteTeam "Slovenia"]
[BlackTeam "Belgium"]
[WhiteFideId "14607093"]
[BlackFideId "207977"]
[EventDate "2015.11.13"]

1. d4 d6 2. Nf3 Nf6 3. c4 Nbd7 4. Nc3 e5 5. g3 Be7 6. Bg2 O-O 7. O-O c6 8. e4 a6
9. a4 b6 10. h3 Bb7 11. Be3 Re8 12. Qc2 Bf8 13. Rad1 Qc7 14. Rfe1 Rad8 15. Rd2
Qb8 16. Red1 g6 17. b4 Qa8 18. d5 Rc8 19. Qd3 a5 20. Rb2 Rc7 21. Nd2 Rec8 22.
Rdb1 h5 23. Kh2 Be7 24. bxa5 bxa5 25. Nb3 cxd5 26. Nxd5 Bxd5 27. cxd5 Rc4 28.
Ra2 Bd8 29. Rbb2 Rc3 30. Qb1 Kg7 31. Bd2 R3c4 32. f3 Nc5 33. Nxc5 R4xc5 34. Ra3
Nd7 35. Rab3 Bc7 36. Be3 Rc4 37. Bf1 Rc5 38. Bb5 Nb6 39. Bxc5 dxc5 40. Bc6 Qa6
41. Rb5 Rd8 42. Rxc5 Bd6 43. Bb5 Qa7 44. Rc6 h4 45. gxh4 Be7 46. Qg1 Rb8 47. h5
g5 48. Rg2 f6 49. Rgc2 Rb7 50. h4 Qb8 51. hxg5 fxg5 52. Qg4 Qf8 53. Rg6+ Kh7 54.
Rcc6 Nd7 55. Rh6+ Kg7 56. Rcg6+ Kf7 57. Qe6+ Ke8 58. Rg8 1-0

[Event "20th European Teams Women"]
[Site "Reykjavik ISL"]
[Date "2015.11.19"]
[Round "6.13"]
[Board "4"]
[White "Barbier, Astrid"]
[Black "Hrescak, Ivana"]
[Result "1/2-1/2"]
[BlackTitle "WFM"]
[WhiteElo "1819"]
[BlackElo "2145"]
[WhiteTeam "Belgium"]
[BlackTeam "Slovenia"]
[WhiteFideId "200395"]
[BlackFideId "14613441"]
[EventDate "2015.11.13"]

1. e4 c5 2. Nc3 Nc6 3. f4 g6 4. Nf3 Bg7 5. Bb5 Nd4 6. O-O Nxb5 7. Nxb5 d5 8.
exd5 a6 9. Nc3 Nf6 10. d4 Nxd5 11. dxc5 Nxc3 12. Qxd8+ Kxd8 13. bxc3 Bxc3 14.
Rb1 Kc7 15. Rb3 Bf6 16. Bd2 Be6 17. Ba5+ Kc8 18. Re3 Kd7 19. Rd3+ Kc6 20. Rb1 b5
21. cxb6 Kb7 22. Rbd1 Rac8 23. c3 Rc5 24. Bb4 Rc6 25. Nd4 Bxd4+ 26. Rxd4 Kxb6
27. Bxe7 Re8 28. Bh4 Rxc3 29. Rd6+ Rc6 30. Bf2+ Kc7 31. Rxc6+ Kxc6 32. a3 Rb8
33. Bh4 Rb2 34. Rf1 Bc4 35. Rc1 Kd5 36. h3 Ra2 37. Be7 Kd4 38. Kh2 Kd5 39. Kg1
Re2 40. Bb4 Re4 41. Rd1+ Kc6 42. g3 Re3 43. Rc1 Kb5 44. Rc3 Re2 45. h4 Re4 46.
Kf2 Re2+ 47. Kg1 Re1+ 48. Kf2 Re2+ 49. Kg1 Rb2 50. Bf8 Rb1+ 51. Kf2 Rf1+ 52. Kg2
Ra1 53. Kf2 Ra2+ 54. Kg1 Ra1+ 55. Kf2 Ra2+ 56. Kg1 Ra1+ 57. Kf2 1/2-1/2

[Event "20th European Teams Women"]
[Site "Reykjavik ISL"]
[Date "2015.11.19"]
[Round "6.14"]
[Board "3"]
[White "Machlik, Monika"]
[Black "Stojanovic, Marija R"]
[Result "0-1"]
[BlackTitle "WIM"]
[WhiteElo "2176"]
[BlackElo "2153"]
[WhiteTeam "Norway"]
[BlackTeam "Montenegro"]
[WhiteFideId "1513621"]
[BlackFideId "931411"]
[EventDate "2015.11.13"]

1. d4 Nf6 2. c4 g6 3. Nc3 Bg7 4. e4 d6 5. f4 O-O 6. Nf3 c5 7. d5 e6 8. dxe6 fxe6
9. Bd3 Nc6 10. O-O a6 11. Bd2 Nh5 12. g3 Rb8 13. a4 Qe8 14. Ng5 h6 15. Nf3 Bd7
16. Nh4 Bd4+ 17. Kg2 Nb4 18. Bb1 Bc6 19. h3 Nf6 20. Qe2 Kg7 21. Kh2 e5 22. f5 g5
23. Ng6 Rf7 24. h4 g4 25. Bc1 Qg8 26. Nd1 b5 27. axb5 axb5 28. Nf2 h5 29. Qd2
Rd7 30. Qh6+ Kf7 31. Bg5 Qg7 32. Qxg7+ Kxg7 33. Bxf6+ Kxf6 34. Nd1 bxc4 35. Ra3
Rdb7 36. Nc3 Nd3 37. Bxd3 cxd3 38. Nd5+ Bxd5 39. exd5 Rxb2+ 40. Kh1 d2 0-1

[Event "20th European Teams Women"]
[Site "Reykjavik ISL"]
[Date "2015.11.19"]
[Round "6.14"]
[Board "4"]
[White "Krpovic, Natasa"]
[Black "Reppen, Ellisiv"]
[Result "1/2-1/2"]
[WhiteTitle "WFM"]
[WhiteElo "2098"]
[BlackElo "2058"]
[WhiteTeam "Montenegro"]
[BlackTeam "Norway"]
[WhiteFideId "910791"]
[BlackFideId "1504959"]
[EventDate "2015.11.13"]

1. e4 e5 2. Bc4 Nf6 3. d3 Bc5 4. Nf3 d6 5. O-O Bg4 6. Nbd2 Nc6 7. h3 Bh5 8. c3
a6 9. Bb3 Qd7 10. Re1 g5 11. d4 exd4 12. e5 dxe5 13. Nxe5 Bxd1 14. Nxd7+ Kxd7
15. Rxd1 g4 16. hxg4 Nxg4 17. Nf3 Bd6 18. Nxd4 Nxd4 19. Rxd4 Ne5 20. Bc2 Rag8
21. Bf5+ Ke7 22. Kf1 f6 23. Bf4 Rd8 24. Re1 Kf7 25. Bg3 Nc6 26. Be6+ Kf8 27.
Bxd6+ Rxd6 28. Rxd6 cxd6 29. Bd7 Kf7 30. Be6+ Kg7 31. Rd1 Rd8 32. Bd5 Rd7 33.
Re1 Ne5 34. Re3 b6 35. Rg3+ Ng6 36. Re3 Kf8 37. Bb3 Kg7 38. Re8 d5 39. Ra8 a5
40. Re8 Rd6 41. Rc8 h5 42. Rc7+ Kh6 43. Bc2 h4 44. Bxg6 Kxg6 45. Rc8 d4 46. cxd4
Rxd4 47. Ke2 Rb4 48. b3 b5 49. Rb8 a4 50. bxa4 Rxa4 51. Rxb5 Rxa2+ 52. Kf3 f5
53. Rb6+ Kg5 54. Rb3 Ra5 55. Rc3 Rb5 56. Ra3 Rc5 57. Rb3 Ra5 58. Rc3 Rb5 59. Ra3
Rc5 60. Rb3 1/2-1/2

[Event "20th European Teams Women"]
[Site "Reykjavik ISL"]
[Date "2015.11.19"]
[Round "6.15"]
[Board "2"]
[White "Puuska, Heini"]
[Black "Bengtsson, Jessica"]
[Result "1-0"]
[WhiteTitle "WFM"]
[WhiteElo "1967"]
[BlackElo "2040"]
[WhiteTeam "Finland"]
[BlackTeam "Sweden"]
[WhiteFideId "502324"]
[BlackFideId "1711083"]
[EventDate "2015.11.13"]

1. d4 Nf6 2. c4 e6 3. Nf3 d5 4. cxd5 exd5 5. Bg5 Be7 6. e3 Bf5 7. Qb3 Nc6 8.
Bxf6 gxf6 9. Nc3 Bb4 10. a3 Bxc3+ 11. bxc3 Na5 12. Qb4 c6 13. Nd2 b6 14. Be2 Qe7
15. O-O Rg8 16. Rfe1 Nb7 17. Qa4 Qd7 18. Bf3 Kf8 19. c4 Bg4 20. Qd1 Re8 21. cxd5
cxd5 22. Bxg4 Rxg4 23. Qf3 Rg6 24. Rec1 Qd6 25. Qh3 Kg7 26. Rc3 Kh8 27. Rac1
Rgg8 28. Qf5 Rg5 29. Qf3 Nd8 30. Rc8 Kg7 31. R1c3 Re7 32. Qf4 Nb7 33. Qxd6 Nxd6
34. R8c7 Rxc7 35. Rxc7 Nb5 36. Rd7 Nxa3 37. Rxa7 Nc4 38. Nb1 f5 39. Nc3 f4 40.
exf4 Rf5 41. g3 Nd2 42. Kg2 Ne4 43. Nxe4 dxe4 44. Re7 Rd5 45. Rxe4 b5 46. Kf3 b4
47. Ke3 b3 48. Kd3 b2 49. Re1 Kf6 50. Rb1 Rb5 51. Kc3 Rh5 52. h4 Kf5 53. f3 1-0

[Event "20th European Teams Women"]
[Site "Reykjavik ISL"]
[Date "2015.11.19"]
[Round "6.15"]
[Board "3"]
[White "Fransson, Angelina"]
[Black "Turunen, Tiina"]
[Result "1-0"]
[WhiteElo "1980"]
[BlackElo "1764"]
[WhiteTeam "Sweden"]
[BlackTeam "Finland"]
[WhiteFideId "1712632"]
[BlackFideId "510947"]
[EventDate "2015.11.13"]

1. e4 c6 2. Nf3 d5 3. exd5 cxd5 4. Ne5 Nc6 5. d4 g6 6. Bb5 Bd7 7. Nxd7 Qxd7 8.
c3 a6 9. Bd3 Bg7 10. Nd2 Nf6 11. Nf3 O-O 12. O-O Rfe8 13. Re1 Qc7 14. Ne5 Rad8
15. Qe2 Nd7 16. Bf4 Ndxe5 17. dxe5 e6 18. Rad1 Bf8 19. Bg5 Rd7 20. Bb1 b5 21.
Bf6 Qc8 22. Rd3 Rc7 23. Rh3 Nb8 24. Rxh7 Kxh7 25. Qh5+ 1-0

[Event "20th European Teams Women"]
[Site "Reykjavik ISL"]
[Date "2015.11.19"]
[Round "6.15"]
[Board "4"]
[White "Kujasalo, Marjatta"]
[Black "Blazekovic, Nina"]
[Result "0-1"]
[WhiteElo "1605"]
[BlackElo "1932"]
[WhiteTeam "Finland"]
[BlackTeam "Sweden"]
[WhiteFideId "507466"]
[BlackFideId "1715984"]
[EventDate "2015.11.13"]

1. Nf3 Nf6 2. d4 g6 3. g3 Bg7 4. Bg2 d6 5. O-O O-O 6. c4 Nc6 7. Nc3 a6 8. a3 Rb8
9. b4 b5 10. d5 Na7 11. Be3 Rb7 12. Rc1 bxc4 13. Bxa7 Rxa7 14. Qd4 Ra8 15. Qxc4
Bb7 16. e4 Nd7 17. Ne2 Rc8 18. Rfe1 c6 19. Qb3 cxd5 20. exd5 Qb6 21. Qd3 Nf6 22.
Nd2 Ng4 23. Qf3 h5 24. h3 Ne5 25. Qe3 Qxe3 26. fxe3 Nd3 27. Rxc8 Rxc8 28. Rd1
Bh6 29. Nf4 Nb2 30. Re1 Rc2 31. Re2 Rc1+ 32. Kf2 Nd1+ 33. Kf3 Nc3 34. Nb3 Nxe2
35. Nxe2 Rc7 36. Kf2 Bg7 37. e4 Bb2 38. a4 Bc8 39. Na5 Bd7 40. Ke3 Bxa4 41. Nc6
Bxc6 42. dxc6 Rxc6 43. e5 Rc7 44. exd6 exd6 45. Kd3 Kf8 46. Bd5 Be5 47. Bc4 Rb7 0-1

[Event "20th European Teams Women"]
[Site "Reykjavik ISL"]
[Date "2015.11.20"]
[Round "7.1"]
[Board "4"]
[White "Gara, Ticia"]
[Black "Goryachkina, Aleksandra"]
[Result "0-1"]
[WhiteTitle "WGM"]
[BlackTitle "WGM"]
[WhiteElo "2353"]
[BlackElo "2478"]
[WhiteTeam "Hungary"]
[BlackTeam "Russia"]
[WhiteFideId "717444"]
[BlackFideId "4147103"]
[EventDate "2015.11.13"]

1. e4 c6 2. Nc3 d5 3. Nf3 Bg4 4. h3 Bxf3 5. Qxf3 Nf6 6. d3 e6 7. Qg3 Na6 8. Be2
d4 9. Nb1 g6 10. O-O Bg7 11. Nd2 O-O 12. f4 Nd7 13. e5 f6 14. exf6 Nxf6 15. Ne4
Nb4 16. Bd1 Nxe4 17. dxe4 d3 18. cxd3 Nxd3 19. Bb3 Nc5 20. Bc2 Qd4+ 21. Be3 Qc4
22. Rac1 Nd3 23. Bxd3 Qxd3 24. e5 Rad8 25. Rc3 Qd5 26. Ra3 a6 27. Rb3 Rf7 28.
Bb6 Rdd7 29. Qf3 Qc4 30. Qe3 Rd5 31. Rf3 Rd1+ 32. Kh2 Bh6 33. g3 Qc2+ 34. Rf2
Qb1 35. Qf3 Rfd7 36. Bc5 Bf8 37. Bxf8 Kxf8 38. a3 R7d2 39. g4 Rh1+ 40. Kg3 Qg1+
41. Qg2 Qe1 42. Rxb7 Rg1 43. Rb8+ Ke7 44. Rb7+ Kd8 45. Rb8+ Kc7 0-1

[Event "20th European Teams Women"]
[Site "Reykjavik ISL"]
[Date "2015.11.20"]
[Round "7.2"]
[Board "4"]
[White "Arabidze, Meri"]
[Black "Zarkovic, Mila"]
[Result "1/2-1/2"]
[WhiteTitle "IM"]
[BlackTitle "WIM"]
[WhiteElo "2408"]
[BlackElo "2179"]
[WhiteTeam "Georgia"]
[BlackTeam "Serbia"]
[WhiteFideId "13604040"]
[BlackFideId "900451"]
[EventDate "2015.11.13"]

1. c4 Nf6 2. g3 e6 3. Bg2 d5 4. Nf3 dxc4 5. Qa4+ Nbd7 6. Qxc4 a6 7. Qc2 c5 8.
O-O b5 9. b3 Bb7 10. Bb2 Be7 11. Nc3 O-O 12. Rfe1 Qc7 13. Rac1 Rac8 14. Qb1 Qb8
15. e4 Qa8 16. d3 Rfd8 17. Bf1 Ng4 18. a4 Nde5 19. Nxe5 Nxe5 20. Be2 b4 21. Nd1
Nc6 22. Ne3 Nd4 23. Nc4 Qb8 24. Bxd4 Rxd4 25. Rc2 Rcd8 26. Qc1 Qc7 27. Bf1 a5
28. Nd2 Qb8 29. Nf3 R4d7 30. Qe3 Ba6 31. Rd1 h6 32. Kg2 Rc8 33. Be2 Rcd8 34. h4
Bb7 35. Rcd2 Ba6 36. Kg1 Rc8 37. Bf1 Bf6 38. e5 Be7 39. d4 Bxf1 40. Kxf1 cxd4
41. Nxd4 Bc5 42. Qe4 Bxd4 43. Rxd4 Rxd4 44. Rxd4 Rc1+ 45. Kg2 Rc3 46. Rd6 Qc8
47. Rb6 Rxb3 48. Rb7 Rc3 49. Ra7 Qd8 50. Qb7 Qd5+ 51. Qxd5 exd5 52. Rxa5 Ra3 53.
Rxd5 Rxa4 54. Rb5 Kf8 55. Rb7 h5 56. Kf3 Ra3+ 57. Kf4 Rb3 58. Kg5 Rf3 59. Kxh5
Rxf2 60. Rxb4 Rf5+ 61. Kg4 Rxe5 62. Kf4 Ke8 1/2-1/2

[Event "20th European Teams Women"]
[Site "Reykjavik ISL"]
[Date "2015.11.20"]
[Round "7.3"]
[Board "3"]
[White "Zhukova, Natalia"]
[Black "Kopinits, Anna-Christina"]
[Result "1-0"]
[WhiteTitle "GM"]
[BlackTitle "WIM"]
[WhiteElo "2480"]
[BlackElo "2231"]
[WhiteTeam "Ukraine"]
[BlackTeam "Austria"]
[WhiteFideId "14101513"]
[BlackFideId "1614142"]
[EventDate "2015.11.13"]

1. Nf3 d5 2. d4 Nf6 3. c4 c6 4. Nc3 dxc4 5. a4 Bf5 6. Ne5 Nbd7 7. Nxc4 Nb6 8.
Ne3 e6 9. a5 Nbd5 10. Nxf5 exf5 11. a6 bxa6 12. Qa4 Nb4 13. e3 Bd6 14. Bxa6 Nxa6
15. Qxc6+ Kf8 16. Rxa6 Ne8 17. O-O h5 18. e4 fxe4 19. Qxe4 Nf6 20. Qf3 Rc8 21.
Rxa7 Bb8 22. Rb7 Qxd4 23. Rd1 Qe5 24. g3 Qe6 25. h4 g6 26. Be3 Be5 27. Rb6 Qf5
28. Qxf5 gxf5 29. Nb5 Ne4 30. Rd5 Re8 31. Nd4 f4 32. gxf4 Rg8+ 33. Kf1 Bxd4 34.
Rxd4 Rg4 35. Ke2 Rxh4 36. Rd7 Rg4 37. Rh6 Kg7 38. Rc6 Kg8 39. Kf3 Rg7 40. Rd5
Rh7 41. Re5 1-0

[Event "20th European Teams Women"]
[Site "Reykjavik ISL"]
[Date "2015.11.20"]
[Round "7.3"]
[Board "4"]
[White "Schnegg, Anna-Lena"]
[Black "Gaponenko, Inna"]
[Result "0-1"]
[WhiteTitle "WFM"]
[BlackTitle "IM"]
[WhiteElo "2100"]
[BlackElo "2401"]
[WhiteTeam "Austria"]
[BlackTeam "Ukraine"]
[WhiteFideId "1625268"]
[BlackFideId "14101181"]
[EventDate "2015.11.13"]

1. e4 c5 2. d3 Nc6 3. g3 g6 4. Bg2 Bg7 5. f4 e6 6. c3 Nge7 7. Nf3 O-O 8. O-O b6
9. Be3 Ba6 10. Re1 d5 11. e5 d4 12. cxd4 cxd4 13. Nxd4 Nxd4 14. Qa4 Nef5 15.
Bxa8 Bb5 16. Qd1 Nxe3 17. Rxe3 Nf5 18. Re4 Qxa8 19. Nc3 Bc6 20. Re1 Rd8 21. a4
Bf8 22. Ne4 Bb4 23. Re2 Nd4 24. Re3 Nf5 25. Re2 Bxe4 26. Rxe4 Bc5+ 27. Kh1 Ne3
28. Qe2 Nd5 29. Qg2 Nb4 30. Re2 Qxg2+ 31. Kxg2 Rxd3 32. Rf1 Nd5 33. Rc1 a5 34.
Rb1 h5 35. Ra1 h4 36. Rb1 Rb3 37. Ra1 Kg7 38. Rh1 h3+ 39. Kf1 Ne3+ 40. Ke1 Bb4+
41. Kf2 Ng4+ 0-1

[Event "20th European Teams Women"]
[Site "Reykjavik ISL"]
[Date "2015.11.20"]
[Round "7.4"]
[Board "1"]
[White "Socko, Monika"]
[Black "Foisor, Cristina-Adela"]
[Result "1-0"]
[WhiteTitle "GM"]
[BlackTitle "IM"]
[WhiteElo "2445"]
[BlackElo "2346"]
[WhiteTeam "Poland"]
[BlackTeam "Romania"]
[WhiteFideId "1106619"]
[BlackFideId "1200496"]
[EventDate "2015.11.13"]

1. e4 e5 2. Nf3 Nc6 3. Bb5 a6 4. Bxc6 dxc6 5. O-O Ne7 6. Nxe5 Qd4 7. Qh5 g6 8.
Qg5 Bg7 9. Nd3 f5 10. e5 c5 11. b3 b6 12. Bb2 Qg4 13. f4 Bb7 14. Nc3 O-O-O 15.
Qxg4 fxg4 16. Rae1 Nf5 17. Ne4 h5 18. Bc3 h4 19. Ndf2 g3 20. hxg3 hxg3 21. Nh3
Bxe4 22. Rxe4 Rh4 23. e6 Nd4 24. Rfe1 Re8 25. Bxd4 Bxd4+ 26. Kf1 Re7 27. c3 Bf6
28. R1e3 Rg4 29. Ke2 Kd8 30. Kf3 Rh4 31. Kxg3 Rh5 32. Kf2 Rd5 33. Ke2 Rh7 34.
Rd3 Rxd3 35. Kxd3 Ke7 36. Nf2 Bg7 37. Ke2 Rh4 38. Kf3 Rh5 39. g4 Rd5 40. Re2 b5
41. c4 bxc4 42. bxc4 Rd6 43. f5 gxf5 44. gxf5 Rd8 45. Ne4 Rf8 46. Kg4 Rg8 47.
Kf4 Rh8 48. Nxc5 Rh4+ 49. Kf3 Rxc4 50. Nd7 Rc1 51. Kg2 Rc6 52. f6+ Bxf6 53. Nxf6
Rxe6 54. Nd5+ 1-0

[Event "20th European Teams Women"]
[Site "Reykjavik ISL"]
[Date "2015.11.20"]
[Round "7.4"]
[Board "2"]
[White "Bulmaga, Irina"]
[Black "Zawadzka, Jolanta"]
[Result "1/2-1/2"]
[WhiteTitle "IM"]
[BlackTitle "WGM"]
[WhiteElo "2391"]
[BlackElo "2439"]
[WhiteTeam "Romania"]
[BlackTeam "Poland"]
[WhiteFideId "13903063"]
[BlackFideId "1122320"]
[EventDate "2015.11.13"]

1. e4 c5 2. Nf3 d6 3. d4 cxd4 4. Nxd4 Nf6 5. Nc3 a6 6. Bg5 e6 7. Qd2 Be7 8.
O-O-O Qc7 9. Kb1 Nbd7 10. f3 O-O 11. Be3 b5 12. g4 Nb6 13. a3 Bb7 14. g5 Nfd7
15. Qf2 Rac8 16. h4 d5 17. exd5 Nxd5 18. Nxd5 Bxd5 19. Nf5 Bc5 20. Bxc5 Nxc5 21.
Ne3 Bb7 22. Ng4 Na4 23. Bd3 Qf4 24. Rhg1 b4 25. Qd2 Qxd2 26. Rxd2 bxa3 27. Nf6+
Kh8 28. Nxh7 Rfd8 29. g6 fxg6 30. Ng5 Rd7 31. b3 Nc5 32. Ka2 Nxd3 33. cxd3 Rc3
34. Nxe6 Bd5 35. Nd4 Bf7 36. Rg4 Rc5 37. Kxa3 Rcd5 38. Ne2 Rxd3 39. Rxd3 Rxd3
40. Nd4 Kg8 41. Kb4 Kf8 42. Ka5 Bxb3 43. Kxa6 Bd5 44. Kb6 Ke7 45. Kc5 Bxf3 46.
Nxf3 1/2-1/2

[Event "20th European Teams Women"]
[Site "Reykjavik ISL"]
[Date "2015.11.20"]
[Round "7.4"]
[Board "3"]
[White "Rajlich, Iweta"]
[Black "Cosma, Elena-Luminita"]
[Result "0-1"]
[WhiteTitle "IM"]
[BlackTitle "WGM"]
[WhiteElo "2389"]
[BlackElo "2303"]
[WhiteTeam "Poland"]
[BlackTeam "Romania"]
[WhiteFideId "1108166"]
[BlackFideId "1201590"]
[EventDate "2015.11.13"]

1. d4 d5 2. c4 e6 3. cxd5 exd5 4. Nc3 Nf6 5. Bg5 c6 6. Qc2 Be7 7. e3 Nbd7 8. Bd3
Nh5 9. Bxe7 Qxe7 10. Nge2 Nb6 11. h3 g6 12. a4 Bd7 13. Qb3 Be6 14. a5 Nc8 15. a6
b6 16. Qc2 O-O 17. g4 Nf6 18. Nf4 Nd6 19. Kf1 Rac8 20. f3 c5 21. Re1 c4 22. Be2
b5 23. Bd1 b4 24. Na4 g5 25. Ng2 Bd7 26. Nc5 Bb5 27. Kg1 Nd7 28. Nxd7 Bxd7 29.
h4 b3 30. Qc3 f5 31. Qa5 Be6 32. hxg5 fxg4 33. f4 Ne4 34. Rh6 Rf7 35. Nh4 Nxg5
36. fxg5 Qxg5 37. Rxe6 Qxh4 38. Qd2 Qg3+ 39. Kh1 Rf2 40. Qxf2 Qxf2 41. Rg1 Qh4+
42. Kg2 Rf8 43. Bxg4 Rf2# 0-1

[Event "20th European Teams Women"]
[Site "Reykjavik ISL"]
[Date "2015.11.20"]
[Round "7.5"]
[Board "3"]
[White "Guichard, Pauline"]
[Black "Isgandarova, Khayala"]
[Result "1-0"]
[WhiteTitle "WGM"]
[BlackTitle "WIM"]
[WhiteElo "2338"]
[BlackElo "2200"]
[WhiteTeam "France"]
[BlackTeam "Turkey"]
[WhiteFideId "639370"]
[BlackFideId "13401823"]
[EventDate "2015.11.13"]

1. d4 Nf6 2. c4 g6 3. Nf3 Bg7 4. Nc3 d6 5. g3 O-O 6. Bg2 Nc6 7. O-O Bf5 8. d5
Na5 9. Nd2 c5 10. e4 Bd7 11. Qc2 a6 12. b3 b5 13. Bb2 Rb8 14. Rab1 Qc8 15. Ne2
bxc4 16. bxc4 Qc7 17. Bc3 e6 18. e5 Rxb1 19. Rxb1 Ne8 20. dxe6 Bxe6 21. Qa4 Bxe5
22. Qxa5 Qxa5 23. Bxa5 1-0

[Event "20th European Teams Women"]
[Site "Reykjavik ISL"]
[Date "2015.11.20"]
[Round "7.6"]
[Board "1"]
[White "Paehtz, Elisabeth"]
[Black "Botsari, Anna-Maria"]
[Result "1-0"]
[WhiteTitle "IM"]
[BlackTitle "WGM"]
[WhiteElo "2462"]
[BlackElo "2324"]
[WhiteTeam "Germany"]
[BlackTeam "Greece"]
[WhiteFideId "4641833"]
[BlackFideId "4200446"]
[EventDate "2015.11.13"]

1. e4 c5 2. Nf3 e6 3. d4 cxd4 4. Nxd4 Nc6 5. Nc3 Qc7 6. f4 a6 7. Nxc6 Qxc6 8.
Bd3 b5 9. Qe2 Bb7 10. Bd2 Be7 11. a3 Rc8 12. O-O-O Nf6 13. Kb1 Qc7 14. Rhf1 h5
15. g3 Bc6 16. h3 Rb8 17. e5 Nd5 18. Nxd5 Bxd5 19. f5 Qc6 20. g4 b4 21. axb4
Bxb4 22. c4 Bg2 23. Rf4 Ba3 24. Bc1 hxg4 25. hxg4 Qb7 26. Rf2 Bc6 27. g5 Rh3 28.
g6 Rxd3 29. Rxd3 Be4 30. Ka2 Bxd3 31. Qxd3 Bc5 32. f6 1-0

[Event "20th European Teams Women"]
[Site "Reykjavik ISL"]
[Date "2015.11.20"]
[Round "7.6"]
[Board "2"]
[White "Pavlidou, Ekaterini"]
[Black "Osmanodja, Filiz"]
[Result "0-1"]
[WhiteTitle "WIM"]
[BlackTitle "WIM"]
[WhiteElo "2235"]
[BlackElo "2291"]
[WhiteTeam "Greece"]
[BlackTeam "Germany"]
[WhiteFideId "4213262"]
[BlackFideId "24633569"]
[EventDate "2015.11.13"]

1. c4 e5 2. g3 Nf6 3. Bg2 Nc6 4. Nc3 Bb4 5. Nd5 a5 6. e3 O-O 7. Ne2 Re8 8. a3
Bc5 9. O-O d6 10. h3 Bf5 11. d4 Ba7 12. Nxf6+ Qxf6 13. d5 Nb8 14. e4 Bg6 15. Bd2
Bb6 16. Qc1 Qe7 17. Be3 Nd7 18. Bxb6 Nxb6 19. b3 Rec8 20. Re1 a4 21. b4 c6 22.
c5 dxc5 23. d6 Qd8 24. bxc5 Nd7 25. Qe3 Ra5 26. Rac1 Rb5 27. Rc3 f6 28. g4 Bf7
29. Ng3 g6 30. Bf1 Rb3 31. Rec1 Qa5 32. Be2 Be6 33. Nf1 Rxc3 34. Rxc3 b6 35.
cxb6 Qxb6 36. Qxb6 Nxb6 37. Ba6 Ra8 38. Bb7 Rb8 39. Bxc6 Rd8 40. Rd3 Nc4 41. Ne3
Rxd6 42. Nd5 Kg7 43. Bb5 Na5 44. Bxa4 f5 45. f3 Kh6 46. Bb5 Kg5 47. gxf5 gxf5
48. Nc7 Rb6 49. Nxe6+ Rxe6 50. exf5 Rb6 51. a4 Kxf5 52. Kf2 Rh6 53. Rd7 Kf4 54.
Rf7+ Kg5 55. Kg3 Rd6 56. Rxh7 Nb3 57. h4+ Kg6 58. Rd7 Rb6 59. Rd5 Kf6 60. Kg4
Rb7 61. Rd6+ Ke7 62. Rh6 Rb8 63. Rh7+ Kf6 64. Rh6+ Ke7 65. Kg5 Nd4 66. Rh7+ Kd6
67. Rd7+ Ke6 68. Rxd4 exd4 69. Bc4+ Ke5 70. f4+ Ke4 71. f5 Rc8 72. Bb3 Rc3 73.
Ba2 Rg3+ 74. Kf6 Rg1 75. Ke6 d3 76. f6 d2 77. Bb3 Rg3 78. Bc2+ Kd4 79. f7 Re3+
80. Kd7 Rf3 81. Ke7 Re3+ 82. Kf6 Rf3+ 83. Kg6 Rg3+ 84. Kh7 Rf3 85. Kg8 Rg3+ 86.
Kf8 Rg1 87. Ke7 Re1+ 88. Kd7 Rf1 89. Ke7 Kc3 90. f8=Q Rxf8 91. Bd1 Rf1 92. Bh5
Kb4 93. Ke6 Rh1 94. a5 0-1

[Event "20th European Teams Women"]
[Site "Reykjavik ISL"]
[Date "2015.11.20"]
[Round "7.6"]
[Board "3"]
[White "Schleining, Zoya"]
[Black "Tsolakidou, Stavroula"]
[Result "0-1"]
[WhiteTitle "WGM"]
[BlackTitle "WIM"]
[WhiteElo "2354"]
[BlackElo "2268"]
[WhiteTeam "Germany"]
[BlackTeam "Greece"]
[WhiteFideId "4671660"]
[BlackFideId "4264312"]
[EventDate "2015.11.13"]

1. Nf3 Nf6 2. g3 d5 3. Bg2 c6 4. O-O Bg4 5. c4 e6 6. d3 Nbd7 7. cxd5 exd5 8. Nc3
Be7 9. h3 Bh5 10. e4 dxe4 11. dxe4 O-O 12. Re1 Bb4 13. Qc2 Re8 14. Bf4 Nc5 15.
Rad1 Qa5 16. g4 Bxc3 17. bxc3 Bg6 18. Nd2 Nd5 19. Bd6 Ne6 20. Rc1 Ndf4 21. Bf1
Qd8 22. Bxf4 Nxf4 23. Re3 Qh4 24. Rf3 Qg5 25. Rg3 Rad8 26. Nf3 Qe7 27. Nd4 Bxe4
28. Qb2 c5 29. Nf5 Qf6 30. Ne3 Bc6 31. Rb1 Rd7 32. g5 Qe5 33. Re1 Red8 34. Ng2
Qc7 35. Rge3 Rf8 36. Qc1 Bxg2 37. Bxg2 Nd3 38. Rxd3 Rxd3 39. Qb1 Rxc3 40. Qf5 g6
41. Qf6 Rd3 42. h4 Qd6 43. Bxb7 Qxf6 44. gxf6 Rd6 45. Re5 Rxf6 46. Rxc5 Rb8 47.
Rc7 Rd8 48. a4 Rd1+ 49. Kg2 Ra1 50. Rc4 Ra2 51. Bf3 h5 52. Rd4 Kg7 53. Rc4 Rf5
54. Rd4 a5 55. Rc4 Rb2 56. Rc3 Rf4 57. Ra3 Rxh4 58. Kg3 Rhb4 59. Bd5 h4+ 60. Kf3
Rd4 61. Bc6 Rdd2 62. Kg4 Rxf2 63. Kxh4 Rf4+ 64. Kg3 Rfb4 65. Bd5 f5 66. Ra1 Rd4
67. Bc6 Rd3+ 68. Kf4 Kf6 0-1

[Event "20th European Teams Women"]
[Site "Reykjavik ISL"]
[Date "2015.11.20"]
[Round "7.6"]
[Board "4"]
[White "Markantonaki, Haritomeni"]
[Black "Ohme, Melanie"]
[Result "0-1"]
[WhiteTitle "WFM"]
[BlackTitle "WGM"]
[WhiteElo "2213"]
[BlackElo "2301"]
[WhiteTeam "Greece"]
[BlackTeam "Germany"]
[WhiteFideId "4207050"]
[BlackFideId "4690745"]
[EventDate "2015.11.13"]

1. e4 e5 2. Nf3 Nc6 3. Bb5 a6 4. Ba4 Nge7 5. c3 g6 6. d4 exd4 7. cxd4 b5 8. Bb3
Bg7 9. d5 Na5 10. Bd2 c5 11. Bc3 O-O 12. O-O d6 13. Bxg7 Kxg7 14. Nc3 Bg4 15.
Re1 b4 16. Na4 f6 17. Rc1 Nc8 18. h3 Bd7 19. Nd2 Bb5 20. Nc4 Ra7 21. f4 Bxa4 22.
Bxa4 Nxc4 23. Rxc4 Nb6 24. Rc1 Re7 25. Bc6 Nc8 26. Kh1 Na7 27. Ba4 Nb5 28. Bxb5
axb5 29. e5 fxe5 30. fxe5 Rf5 31. e6 Qa8 32. Rf1 Rxf1+ 33. Qxf1 Qxd5 34. Rd1
Qxe6 35. Qxb5 Qe2 36. Qa4 Qxb2 37. Qc6 Qf6 38. Qxd6 Qxd6 39. Rxd6 Re2 40. Rc6
Rc2 41. Kh2 c4 42. Rc7+ Kf6 43. Kg3 c3 44. Rc4 Rxa2 45. Rxb4 c2 46. Rc4 Ke5 47.
h4 Kd5 48. Rc8 Kd4 49. Kg4 Kd3 50. Kg5 Ra5+ 51. Kf6 Ra4 0-1